Mapas, planos y dibujos de la Sección de Estado del Archivo Histórico Nacional / Pilar León Tello
Publicado:
Madrid :
Ministerio de Cultura. Dirección General del Patrimonio Artístico, Archivos y Museos ,
1979
Descripción Física:
309 p., [19] f. de làm. ; 24 cm
MARC
| LEADER | 00000nam a2200000Ia 4500 | ||
|---|---|---|---|
| 001 | 7554 | ||
| 008 | 160829s1979 xx 000 0 cat d | ||
| 080 | |a A-1-253 | ||
| 100 | |a León Tello, Pilar |9 37634 | ||
| 245 | |a Mapas, planos y dibujos de la Sección de Estado del Archivo Histórico Nacional / Pilar León Tello | ||
| 250 | |a 2a ed., corr. i aug. | ||
| 260 | |a Madrid : |b Ministerio de Cultura. Dirección General del Patrimonio Artístico, Archivos y Museos, |c 1979 | ||
| 300 | |a 309 p., [19] f. de làm. ; |c 24 cm | ||
| 650 | |a Archivo Histórico Nacional (Espanya). Sección de Estado |x Mapes |x Catàlegs |9 37635 | ||
| 700 | |a Espanya. Dirección General del Patrimonio Artístico, Archivos y Museos |9 37636 | ||
| 901 | |a Arxiu | ||
| 942 | |n 1 | ||
| 952 | |0 0 |1 0 |4 0 |6 A1253 |7 1 |9 47961 |a Arxiu |b Arxiu |d 2016-12-01 |l 0 |o A-1-253 |p 7554 |r 2016-12-01 00:00:00 |w 2016-12-01 |y ARXIU | ||
| 999 | |c 51762 |d 51762 | ||